| 000 | 00462nam a2200181Ia 4500 | ||
|---|---|---|---|
| 008 | 180207s9999 xx 000 0 und d | ||
| 020 | _a9780153143762 | ||
| 050 | _bM158 1993 | ||
| 100 | _aMackinnon, Christianity | ||
| 245 | _aSilent observer / | ||
| 245 | _cwritten and illustrated by Christy MacKinnon. | ||
| 260 | _aOrlando : | ||
| 260 | _bHarcourt, | ||
| 260 | _c1993 | ||
| 300 | _a42 pages : | ||
| 300 | _bcolor illustration ; | ||
| 300 | _c21cm. | ||
| 999 |
_c355477 _d355477 |
||